| 000 | 00913cam a22002294a 4500 | ||
|---|---|---|---|
| 001 | 11972273 | ||
| 005 | 20250614152109.0 | ||
| 008 | 000412s2001 cauab b 001 0 eng | ||
| 020 | _a0534527299 | ||
| 050 | 0 | 0 |
_aBS475.2 _b.W52 2001 |
| 082 | 0 | 0 |
_a220.6/1 _221 |
| 100 | 1 |
_aWhite, J. Benton, _d1931- |
|
| 245 | 1 | 0 |
_aFrom Adam to Armageddon : _ba survey of the Bible / _cJ. Benton White, Walter T. Wilson. |
| 250 | _a4th ed. | ||
| 260 |
_aBelmont, CA : _bWadsworth Thomson Learning, _cc2001. |
||
| 300 |
_axix, 225 p. : _bill., maps ; _c24 cm. |
||
| 700 | 1 | _aWilson, Walter T. | |
| 856 | 4 | 2 |
_3Contributor biographical information _uhttp://www.loc.gov/catdir/enhancements/fy1515/00031030-b.html |
| 856 | 4 | 2 |
_3Publisher description _uhttp://www.loc.gov/catdir/enhancements/fy1515/00031030-d.html |
| 856 | 4 | 1 |
_3Table of contents only _uhttp://www.loc.gov/catdir/enhancements/fy1515/00031030-t.html |
| 942 |
_2lcc _cBK _n0 |
||
| 999 |
_c6498 _d6498 |
||